<?xml version="1.0" encoding="UTF-8"?>
<record
    xmlns:xsi="http://www.w3.org/2001/XMLSchema-instance"
    xsi:schemaLocation="http://www.loc.gov/MARC21/slim http://www.loc.gov/standards/marcxml/schema/MARC21slim.xsd"
    xmlns="http://www.loc.gov/MARC21/slim">

  <leader>00933nab a2200265uuc4500</leader>
  <controlfield tag="001">1149430</controlfield>
  <controlfield tag="005">20240202091824.0</controlfield>
  <controlfield tag="008">090611s2008                        eng  </controlfield>
  <datafield tag="035" ind1=" " ind2=" ">
    <subfield code="a">1149430</subfield>
  </datafield>
  <datafield tag="035" ind1=" " ind2=" ">
    <subfield code="a">(OCoLC)820481642</subfield>
  </datafield>
  <datafield tag="040" ind1=" " ind2=" ">
    <subfield code="c">comduadb</subfield>
  </datafield>
  <datafield tag="041" ind1=" " ind2=" ">
    <subfield code="a">eng</subfield>
  </datafield>
  <datafield tag="100" ind1="1" ind2="0">
    <subfield code="a">Casasanto, Daniel</subfield>
    <subfield code="4">aut</subfield>
    <subfield code="e">aut</subfield>
    <subfield code="9">571471</subfield>
  </datafield>
  <datafield tag="245" ind1="1" ind2="0">
    <subfield code="a">Who's afraid of the big bad Whorf? crosslinguistic differences in temporal language and thought</subfield>
  </datafield>
  <datafield tag="260" ind1=" " ind2=" ">
    <subfield code="c">2008.</subfield>
  </datafield>
  <datafield tag="650" ind1=" " ind2=" ">
    <subfield code="a">Whorf, Benjamin</subfield>
    <subfield code="9">183397</subfield>
  </datafield>
  <datafield tag="650" ind1=" " ind2=" ">
    <subfield code="a">Language and thinking</subfield>
    <subfield code="9">79801</subfield>
  </datafield>
  <datafield tag="650" ind1=" " ind2=" ">
    <subfield code="a">Pensamiento y lenguaje</subfield>
    <subfield code="9">35629</subfield>
  </datafield>
  <datafield tag="650" ind1=" " ind2=" ">
    <subfield code="a">Temporality</subfield>
    <subfield code="9">157690</subfield>
  </datafield>
  <datafield tag="650" ind1=" " ind2=" ">
    <subfield code="a">Temporalidad</subfield>
    <subfield code="9">53884</subfield>
  </datafield>
  <datafield tag="650" ind1=" " ind2=" ">
    <subfield code="a">Interferencia (Ling&#xFC;&#xED;stica)</subfield>
    <subfield code="9">10554</subfield>
  </datafield>
  <datafield tag="650" ind1=" " ind2=" ">
    <subfield code="a">Crosslinguistics</subfield>
    <subfield code="9">183120</subfield>
  </datafield>
  <datafield tag="773" ind1="0" ind2=" ">
    <subfield code="t">Language Learning : a Journal of Research in Language Studies ( Estados Unidos)</subfield>
    <subfield code="g">Vol. 58, 2008 (Supplement), p. 63-79</subfield>
    <subfield code="w">686241</subfield>
    <subfield code="x">0023-8333</subfield>
    <subfield code="0">209019</subfield>
  </datafield>
  <datafield tag="942" ind1=" " ind2=" ">
    <subfield code="c">ARIMP</subfield>
  </datafield>
  <datafield tag="999" ind1=" " ind2=" ">
    <subfield code="c">506832</subfield>
    <subfield code="d">506832</subfield>
  </datafield>
</record>
